000
002550000a22000970004500
100
1
_a
Jackson, Morgan
245
1
0
_a
De la brujería al cristianismo
300
_a
Vol. 59, Núm 269 (2004), Páginas 14-15
773
0
_t
La Biblia de las Américas
942
_c
ANA
999
_c
51770
_d
51770